Normal view
MARC view
- كرونلوند، نورمان ي مؤلف/حسن، عادل محمود مترجم/الجميلي، أكرم مترجم
Entry Personal Name
001 - CONTROL NUMBER
- control field: 40053
003 - CONTROL NUMBER IDENTIFIER
- control field: JO-AjAnu
005 - DATE AND TIME OF LATEST TRANSACTION
- control field: 20230606080645.0
008 - FIXED-LENGTH DATA ELEMENTS
- fixed length control field: 230606|| aca||aabn | a|a d
040 ## - CATALOGING SOURCE
- Original cataloging agency: JO-AjAnu
- Transcribing agency: JO-AjAnu
100 ## - HEADING--PERSONAL NAME
- Personal name: كرونلوند، نورمان ي مؤلف/حسن، عادل محمود مترجم/الجميلي، أكرم مترجم
670 ## - SOURCE DATA FOUND
- Source citation: Work cat.: (JO-AjAnu)20534: كرونلوند، نورمان ي مؤلف/حسن، عادل محمود مترجم/الجميلي، أكرم مترجم , author, صياغة الأهداف لأغراض التدريس الصفي=Stating Objectives For Classroom Instrnction